निराला संचयिता / (Record no. 111882)

MARC details
000 -LEADER
fixed length control field 01102nam a22002537a 4500
005 - DATE AND TIME OF LATEST TRANSACTION
control field 20170124102930.0
010 ## - LIBRARY OF CONGRESS CONTROL NUMBER
LC control number B-075074
020 ## - INTERNATIONAL STANDARD BOOK NUMBER
Terms of availability 395.00
International Standard Book Number 8170558352
035 ## - SYSTEM CONTROL NUMBER
System control number B-075074
037 ## - SOURCE OF ACQUISITION
Source of stock number/acquisition Cen Lib/Ret
040 ## - CATALOGING SOURCE
Original cataloging agency DPL
Language of cataloging HN
082 ## - DEWEY DECIMAL CLASSIFICATION NUMBER
Classification number 820.8
Item number निराला
245 ## - TITLE STATEMENT
Title निराला संचयिता /
Statement of responsibility, etc संपादक रमेश चन्द्र शाह
246 ## - VARYING FORM OF TITLE
Title proper/short title Nirala sanchayita /
Remainder of title sampadak Ramesh Chandra Shah
260 ## - PUBLICATION, DISTRIBUTION, ETC. (IMPRINT)
Place of publication, distribution, etc नयी दिल्ली
Name of publisher, distributor, etc वाणी प्रकशन
Date of publication, distribution, etc 2000
270 ## - ADDRESS
Address २१-ए, अंसारी रोड, दरिया गंज
City नयी दिल्ली
Postal code 110002
300 ## - PHYSICAL DESCRIPTION
Extent 413पृ.
Dimensions 19सेमी (सजिल्द)
650 ## - SUBJECT ADDED ENTRY--TOPICAL TERM
Topical term or geographic name as entry element हिन्दी साहित्य
9 (RLIN) 44892
650 ## - SUBJECT ADDED ENTRY--TOPICAL TERM
Topical term or geographic name as entry element काव्य संकलन
General subdivision निराला
9 (RLIN) 44893
650 ## - SUBJECT ADDED ENTRY--TOPICAL TERM
Topical term or geographic name as entry element Hindi literature
9 (RLIN) 44894
650 ## - SUBJECT ADDED ENTRY--TOPICAL TERM
Topical term or geographic name as entry element Poetry anthology
General subdivision Nirala
9 (RLIN) 44895
700 ## - ADDED ENTRY--PERSONAL NAME
Personal name शाह, रमेश चन्द्र
9 (RLIN) 44896
942 ## - ADDED ENTRY ELEMENTS (KOHA)
Source of classification or shelving scheme Dewey Decimal Classification
Koha item type Hindi Books
Classification part 820.8
Call number suffix निराला
Holdings
Withdrawn status Lost status Damaged status Not for loan Home library Current library Date acquired Source of acquisition Cost, normal purchase price Total Checkouts Total Renewals Full call number Barcode Date last seen Date checked out Copy number Cost, replacement price Price effective from Koha item type
        Central Library Central Library 05/08/2015 Cen Lib/Ret 395.00 2 1 820.8 निराला B-075074 06/07/2018 25/06/2018 1 395.00 05/08/2015 Hindi Books

© Delhi Public Library
Hit Counter
free hit counter